000
00269nam a2200109Ia 4500
008
190919s9999||||xx |||||||||||||| ||und||
100
_a
Kevin Loney
245
0
_a
Oracle 9i the complete Reference
260
_a
India
_b
Oracle Press
_c
1992
300
_a
147
942
_c
BK
999
_c
10707
_d
10707